00540nam a22001577a 4500008004100000020001500041082001700056100002300073241005600096245012700152260003700279300001000316504002700326650001800353653001100371240520b |||||||| |||| 00| 0 eng d a9993359165 aN305.8/R279k aRai, Tanka Bahadur akiratharuko dharma ra saskriti : sankshipta adhyyan aकिरातहरुको धर्म र संस्कृतिः संक्षिप्त अध्ययन aKathmandu:bShanta Rai,c2060BS. b100p. aBibliography:p. 96-100 aEthnic groups akirats